000 00300nam a2200097Ia 4500
008 241105s9999 xx 000 0 und d
041 _aeng
100 _aBhandari Nikita
_9182611
245 _aInstitute Of Hotel Management And Catering Panchgani Maharashtra
260 _bFinal Year B.Arch ID, Pune
_c2014
999 _c360902
_d360902